Djibouti Airport Destinations - Statistics

General Stats
  • This quiz has been taken 41 times
  • The average score is 8 of 10
Answer Stats
Country City % Correct
France Paris
100%
United Arab Emirates Dubai
97%
Ethiopia Addis Ababa
94%
Turkey Istanbul
94%
Qatar Doha
91%
Somalia Mogadishu
88%
Saudi Arabia Jeddah
79%
Yemen Aden
71%
Somalia Hargeisa
41%
Ethiopia Dire Dawa
21%
No matching quizzes found
Score Distribution
Percent of People with Each Score
Percentile by Number Answered
Your Score History
You have not taken this quiz